000 01434cad a22002655a 4500
001 E148024
008 090714e20090610xxkb f s000 0 eng d
035 _a(Sirsi) u148024
041 0 _aeng
050 0 4 _a333.9164 $2 18
100 1 _aKenyon, Wendy
245 0 0 _aMarine (Scotland) Bill
_h[electronic resource]
260 _aEdinburgh
_bScottish Parliament
_c2009
490 0 _aSPICe Briefing
_v(09/41) 10 June 2009
505 2 _aKey points -- Current responsibilities in the marine environment -- Why legislation is needed -- Development of the Bill and the consultation -- The UK Marine and Coastal Access Bill -- Marine Scotland -- The Marine (Scotland) Bill -- Sources -- Related briefings
520 _aProvides a background for the Marine (Scotland) Bill by looking at current responsibilities and boundaries related to the marine environment, as well as examining why new legislation is required. Gives details of the development of the Bill and discusses the provisions of the Bill, together with the view of stakeholders.
521 _aAdvanced
590 _aKA
651 4 _aScotland
_y1999-
690 _aPROPERTY-RURAL AND NATURAL ASSETS-MARINE RESOURCES-MARINE RESOURCE MANAGEMENT
700 1 _aRehfisch, Alan
700 1 _aWright, Katherine
856 4 0 _uhttps://www.scottish.parliament.uk/business/research/date/index.htm
_zView the briefing free of charge at www.scottish.parliament.uk...
942 _n0
999 _c109847
_d109847